🎤 Guess the Taylor Swift song (no hints) #7 - Statistics

General Stats
  • This quiz has been taken 60 times
  • The average score is 208 of 298
Answer Stats
Lyrics % Correct
Ooh-ooh-ooh-ooh
100%
(Ah-ah-ah)
98%
I
98%
a
96%
A
96%
you
94%
You
94%
me
90%
me?
90%
Me
90%
the
88%
When
88%
an
87%
to
87%
Where
87%
who
87%
And
85%
and
85%
so
85%
in
83%
it
83%
no
83%
was
83%
your
83%
All
81%
all
81%
my
81%
of
79%
On
79%
on
79%
She
79%
there
79%
were
79%
Were
79%
then
77%
some
75%
at
73%
just
73%
color
71%
like
71%
that
71%
think
71%
Time,
71%
time
71%
by
69%
Invisible
69%
read
69%
string
69%
would
69%
for
67%
For
67%
Green
67%
it's
67%
little
67%
Out
67%
said
67%
see?
67%
Tying
67%
along
65%
but
65%
LA
65%
make
65%
Teal
65%
used
65%
baby,
63%
didn't
63%
isn't
63%
meet
63%
Now
63%
pretty
63%
with
63%
grass
62%
money
62%
Park
62%
somebody
62%
work
62%
down
60%
looked
60%
One
60%
shirt
60%
American
58%
shop
58%
singer
58%
first
56%
our
56%
sixteen
56%
yogurt
56%
Centennial
54%
heart
54%
Lakes
54%
Gave
52%
gave
52%
gold
52%
Gold
52%
right
52%
trip
52%
Bad
50%
bar
50%
clues
50%
curious
50%
their
50%
around
48%
ate
48%
broke
48%
brought
48%
dinner
48%
favorite
48%
Hell
48%
lunch
48%
mystical
48%
presents
48%
send
48%
signs
48%
spot
48%
babies
46%
fine
46%
open,
46%
pulled
46%
Tied
46%
blood
44%
boys
44%
dive
44%
Getting
44%
healing
44%
heaven
44%
showed
44%
skies
44%
waitress
44%
axe
42%
barbed
42%
Bold
42%
Cutting
42%
demons
42%
into
42%
journey,
42%
Something
42%
wire
42%
wonderous
42%
wrapped
42%
cab
40%
cool,
40%
leaves
40%
mistakes
40%
past
40%
purple-pink
40%
single
40%
thread
40%
arms,
38%
blues
38%
grind
38%
song
38%
wrong
38%
compasses,
37%
steel
37%
Chains
35%
seasons
35%
three-year
35%
brave
31%
Cold
29%
Wool
29%
No matching quizzes found
Score Distribution
Percent of People with Each Score
Percentile by Number Answered
Your Score History
You have not taken this quiz